000 00585nam a2200241Ia 4500
005 20250425162634.0
008 250425s9999 xx 000 0 und d
020 _a8426711405
041 _aspa
043 _asp
082 _a621.56
100 _aALARCON CREUS, JOSE
245 0 _aTRATADO PRACTICO DE REFRIGERACION AUTOMATICA
250 _a12A ED.
260 _aBARCELONA
260 _aEspaƱa
_bALFAOMEGA : MARCOMBO
_c1998
300 _a436
650 _aEVAPORADORES DE REFRIGERACION
650 _aREFRIGERACION
710 _aS.A.
942 _c01
010 _a92613
999 _c233393
_d233393